[Event "Oberliga Bayern 2324"]
[Site "Germany"]
[Date "2024.04.14"]
[Round "8.5"]
[White "Bolduan, Sebastian"]
[Black "Muehling, Werner"]
[Result "1-0"]
[WhiteElo "2156"]
[BlackElo "2015"]
[PlyCount "77"]
[EventDate "2023.10.22"]
[EventType "team-tourn"]
[EventRounds "9"]
[EventCountry "GER"]
[SourceTitle "EXT 2025"]
[Source "ChessBase"]
[SourceDate "2024.10.14"]
[SourceVersion "1"]
[SourceVersionDate "2024.10.14"]
[SourceQuality "1"]
[WhiteTeam "Muenchen Tarrasch"]
[BlackTeam "Schwandorf"]
[WhiteTeamCountry "GER"]
[BlackTeamCountry "GER"]

1. d4 Nf6 2. Nc3 d5 3. Bf4 Bf5 4. e3 c6 5. Nf3 Nbd7 6. Ne5 Nxe5 7. Bxe5 Nd7 8. g4 Nxe5 9. gxf5 Nd7 10. Qf3 Nf6 11. 0-0-0 Qa5 12. Kb1 g6 13. Qh3 Bg7 14. f3 b5 15. Bd3 Rd8 16. Rhg1 b4 17. Ne2 c5 18. dxc5 Qxc5 19. Nd4 Nh5 20. Qg4 Qd6 21. Bb5+ Kf8 22. Rg2 a5 23. Nc6 Ra8 24. Rgd2 Nf6 25. Qh3 a4 26. e4 Qc5 27. Qf1 Bh6 28. Rd4 dxe4 29. fxe4 Rc8 30. Qc4 Qxc4 31. Rxc4 Ne8 32. Rxb4 Nd6 33. Bxa4 gxf5 34. exf5 Nxf5 35. Rg1 Bg7 36. Rb7 h5 37. c3 Rh6 38. Nb4 Re6 39. Bd7 1-0

[Event "Oberliga Bayern 2324"]
[Site "Germany"]
[Date "2024.02.04"]
[Round "5.5"]
[White "Gruber, Michael"]
[Black "Bolduan, Sebastian"]
[Result "1/2-1/2"]
[WhiteElo "2108"]
[BlackElo "2156"]
[PlyCount "40"]
[EventDate "2023.10.22"]
[EventType "team-tourn"]
[EventRounds "9"]
[EventCountry "GER"]
[SourceTitle "EXT 2025"]
[Source "ChessBase"]
[SourceDate "2024.10.14"]
[SourceVersion "1"]
[SourceVersionDate "2024.10.14"]
[SourceQuality "1"]
[WhiteTeam "Weilheim"]
[BlackTeam "Muenchen Tarrasch"]
[WhiteTeamCountry "GER"]
[BlackTeamCountry "GER"]

1. e4 e6 2. d4 d5 3. Nd2 Nf6 4. e5 Nfd7 5. Bd3 c5 6. c3 Nc6 7. Ndf3 cxd4 8. cxd4 f6 9. exf6 Nxf6 10. Nh3 Bb4+ 11. Bd2 Qa5 12. a3 Bxd2+ 13. Qxd2 Qxd2+ 14. Kxd2 0-0 15. Rhe1 e5 16. dxe5 Ne4+ 17. Ke3 Nc5 18. Bb5 Bxh3 19. gxh3 Ne6 20. Bxc6 bxc6 1/2-1/2

[Event "Oberliga Bayern 2324"]
[Site "Germany"]
[Date "2023.11.19"]
[Round "2.5"]
[White "Bolduan, Sebastian"]
[Black "Bintakies, Michael"]
[Result "1/2-1/2"]
[WhiteElo "2156"]
[BlackElo "2115"]
[PlyCount "174"]
[EventDate "2023.10.22"]
[EventType "team-tourn"]
[EventRounds "9"]
[EventCountry "GER"]
[SourceTitle "EXT 2025"]
[Source "ChessBase"]
[SourceDate "2024.10.14"]
[SourceVersion "1"]
[SourceVersionDate "2024.10.14"]
[SourceQuality "1"]
[WhiteTeam "Muenchen Tarrasch"]
[BlackTeam "Kriegshaber"]
[WhiteTeamCountry "GER"]
[BlackTeamCountry "GER"]

1. d4 d5 2. Nc3 Nf6 3. Bf4 a6 4. e3 b5 5. h4 h6 6. Nf3 e6 7. a3 c5 8. Ne5 Nfd7 9. g4 Nxe5 10. Bxe5 Nc6 11. Bg3 Bd6 12. dxc5 Bxc5 13. Bg2 b4 14. Na4 Bd6 15. Bxd6 Qxd6 16. axb4 Qxb4+ 17. c3 Qe7 18. Nb6 Rb8 19. Nxc8 Rxc8 20. Rxa6 0-0 21. g5 hxg5 22. Qh5 g4 23. Qxg4 f5 24. Qa4 Ne5 25. Qd4 Rc6 26. Ra7 Qd6 27. f4 Nd7 28. Bf3 Rc4 29. Qd2 Rc7 30. Rxc7 Qxc7 31. Rg1 Qd8 32. Rg5 Nf6 33. Qd4 Qe7 34. h5 Kf7 35. Rg2 Ra8 36. Kd2 Qb7 37. Qb4 Qa7 38. Qd6 Rc8 39. Rg1 Qa2 40. Qa3 Qc4 41. Rd1 Rc7 42. Ke1 Ng4 43. Bxg4 fxg4 44. Rd4 Qb5 45. Qb4 Qa6 46. Qa4 Qb6 47. Qc2 Kf8 48. Kf2 Rf7 49. Kg3 e5 50. fxe5 Qe6 51. Rf4 Qxe5 52. Qf2 Kg8 53. Kxg4 Re7 54. Rf8+ Kh7 55. Qf5+ Qxf5+ 56. Rxf5 Rb7 57. Rxd5 Rxb2 58. c4 Kg8 59. Kf5 Rc2 60. c5 Kf7 61. Rd7+ Ke8 62. Rc7 Rh2 63. Rxg7 Rxh5+ 64. Ke6 Rh6+ 65. Kd5 Rh5+ 66. Kd4 Rh1 67. c6 Kd8 68. e4 Rc1 69. c7+ Kc8 70. Ke5 Re1 71. Kd6 Rd1+ 72. Ke6 Re1 73. e5 Re2 74. Re7 Re1 75. Kf7 Rf1+ 76. Kg8 Rg1+ 77. Kf8 Rf1+ 78. Ke8 Rf5 79. Re6 Kxc7 80. Ke7 Rh5 81. Kf6 Kd7 82. Re7+ Kd8 83. Rg7 Rh6+ 84. Kf7 Kd7 85. Kf8+ Ke6 86. Re7+ Kf5 87. Kg7 Re6 1/2-1/2

[Event "Oberliga Bayern 2223"]
[Site "Germany"]
[Date "2023.04.23"]
[Round "9.3"]
[White "Bolduan, Sebastian"]
[Black "Kindtner, Ulrich"]
[Result "1-0"]
[WhiteElo "2147"]
[BlackElo "2253"]
[PlyCount "83"]
[EventDate "2022.10.09"]
[EventType "team-tourn"]
[EventRounds "9"]
[EventCountry "GER"]
[SourceTitle "EXT 2025"]
[Source "ChessBase"]
[SourceDate "2024.10.14"]
[SourceVersion "1"]
[SourceVersionDate "2024.10.14"]
[SourceQuality "1"]
[WhiteTeam "Muenchen Tarrasch"]
[BlackTeam "Muenchen SC"]
[WhiteTeamCountry "GER"]
[BlackTeamCountry "GER"]

1. d4 g6 2. Nc3 Bg7 3. Bf4 d6 4. e4 Nd7 5. Qd2 e5 6. dxe5 dxe5 7. Bg5 Ngf6 8. f3 c6 9. h4 h6 10. Be3 Nb6 11. Qf2 Be6 12. Rd1 Qc7 13. g3 0-0 14. Bh3 Rad8 15. Rxd8 Rxd8 16. Bxe6 fxe6 17. Qe2 Qe7 18. a3 Nh5 19. Kf2 Qc7 20. Nh3 Bf8 21. Kg2 Nc8 22. Qc4 Qe7 23. Nf2 a6 24. Ng4 Nd6 25. Qb3 Nf7 26. Na4 Qd7 27. Nb6 Qe7 28. Qc3 Nf6 29. Nf2 Nd7 30. Nd3 Nxb6 31. Bxb6 Rd7 32. Rf1 Bg7 33. Rf2 Kh7 34. Nc5 Rd4 35. b4 Nd6 36. Nd3 Nb5 37. Qb3 Rd7 38. Nc5 Rd6 39. a4 Nc7 40. Nxb7 Rd1 41. Bxc7 Qxc7 42. Nc5 1-0

[Event "Mittelfranken Landesliga Sued 2122"]
[Site "Mittelfranken"]
[Date "2021.11.14"]
[Round "2.4"]
[White "Bolduan, Sebastian"]
[Black "Feierlein, Robert"]
[Result "1-0"]
[WhiteElo "2147"]
[BlackElo "2043"]
[PlyCount "53"]
[EventDate "2021.10.24"]
[EventType "team-tourn"]
[EventRounds "9"]
[EventCountry "GER"]
[SourceTitle "EXT 2024"]
[Source "ChessBase"]
[SourceDate "2023.10.10"]
[SourceVersion "1"]
[SourceVersionDate "2023.10.10"]
[SourceQuality "1"]
[WhiteTeam "Muenchen Tarrasch"]
[BlackTeam "Groebenzell II"]
[WhiteTeamCountry "GER"]
[BlackTeamCountry "GER"]

1. d4 Nf6 2. Nc3 c5 3. dxc5 Qa5 4. Bf4 Ne4 5. Qd3 Nxc3 6. Bd2 Qxc5 7. Bxc3 Nc6 8. e4 d6 9. f4 e5 10. g3 Be6 11. f5 Bd7 12. 0-0-0 Be7 13. Kb1 a6 14. Nf3 b5 15. g4 0-0 16. g5 f6 17. Bd2 Kh8 18. Rg1 Rac8 19. c3 b4 20. c4 Na5 21. b3 Nb7 22. g6 Rfd8 23. gxh7 Bf8 24. Rg4 Qc7 25. Nh4 Be8 26. Qd5 Kxh7 27. Ng6 1-0

[Event "Landesliga Sued 1819"]
[Site "Bayern"]
[Date "2019.04.07"]
[Round "9.7"]
[White "Bindl, Roland"]
[Black "Bolduan, Sebastian"]
[Result "1-0"]
[WhiteElo "2072"]
[BlackElo "2077"]
[PlyCount "81"]
[EventDate "2018.10.21"]
[EventType "team-tourn"]
[EventRounds "9"]
[EventCountry "GER"]
[SourceTitle "EXT 2022"]
[Source "ChessBase"]
[SourceDate "2021.10.06"]
[SourceVersion "1"]
[SourceVersionDate "2021.10.06"]
[SourceQuality "1"]
[WhiteTeam "Haunstetten TSV"]
[BlackTeam "Muenchen Tarrasch"]
[WhiteTeamCountry "GER"]
[BlackTeamCountry "GER"]

1. d4 Nf6 2. Bg5 Ne4 3. Bf4 Nc6 4. f3 Nf6 5. e4 d5 6. e5 Nd7 7. c3 e6 8. Be3 Ncb8 9. f4 c5 10. a3 Nc6 11. b4 cxd4 12. cxd4 a6 13. Nf3 b5 14. Nbd2 Nb6 15. Bd3 Nc4 16. Nxc4 bxc4 17. Bc2 Be7 18. Ng5 Bxg5 19. fxg5 Qb6 20. Qd2 a5 21. b5 Qxb5 22. Rb1 Qa6 23. 0-0 Qa7 24. Rf4 Bd7 25. Rbf1 Nd8 26. Qf2 Bc6 27. g6 hxg6 28. Rf3 Rh5 29. g4 Rh8 30. Bg5 Rf8 31. Bxg6 Kd7 32. Bxf7 Kc7 33. Be7 Rh8 34. Rb1 Bd7 35. Bc5 Qa6 36. Rb6 Qc8 37. Qb2 Nc6 38. Bd6+ Kd8 39. Qd2 Be8 40. Qg5+ Kd7 41. Bxe6+ 1-0

[Event "Landesliga Sued 1819"]
[Site "Bayern"]
[Date "2019.03.24"]
[Round "8.5"]
[White "Bolduan, Sebastian"]
[Black "Giss, Arthur"]
[Result "1-0"]
[WhiteElo "2077"]
[BlackElo "2034"]
[PlyCount "80"]
[EventDate "2018.10.21"]
[EventType "team-tourn"]
[EventRounds "9"]
[EventCountry "GER"]
[SourceTitle "EXT 2022"]
[Source "ChessBase"]
[SourceDate "2021.10.06"]
[SourceVersion "1"]
[SourceVersionDate "2021.10.06"]
[SourceQuality "1"]
[WhiteTeam "Muenchen Tarrasch"]
[BlackTeam "Dillingen"]
[WhiteTeamCountry "GER"]
[BlackTeamCountry "GER"]

1. e4 c5 2. Nc3 d6 3. f4 Nc6 4. Nf3 g6 5. Bb5 Bg7 6. Bxc6+ bxc6 7. 0-0 Nf6 8. d3 0-0 9. Qe1 Qb6 10. Kh1 Ba6 11. Rb1 Rfe8 12. b3 Rab8 13. Bd2 Nd7 14. Qh4 Nf8 15. f5 Qd8 16. fxg6 hxg6 17. Rbe1 Bc8 18. e5 Bf5 19. Bh6 Rb4 20. Qg5 f6 21. exf6 Bxf6 22. Qd2 Nh7 23. a3 Rb7 24. Ne4 Bh8 25. Qf2 e6 26. Qg3 Rd7 27. Nfg5 Be5 28. Qe3 Bd4 29. Qd2 Nf6 30. Nxf6+ Qxf6 31. Nf3 Bc3 32. Qe3 Bxe1 33. Qxe1 e5 34. Ng5 Qh8 35. Qh4 Rde7 36. g4 Bxg4 37. Ne4 Bf5 38. Rxf5 gxf5 39. Qg5+ Kf7 40. Qxf5+ Kg8 1-0

[Event "Landesliga Sued 1819"]
[Site "Bayern"]
[Date "2018.10.21"]
[Round "1.6"]
[White "Hahn, Christoph"]
[Black "Bolduan, Sebastian"]
[Result "1-0"]
[WhiteElo "2140"]
[BlackElo "2077"]
[PlyCount "67"]
[EventDate "2018.10.21"]
[EventType "team-tourn"]
[EventRounds "9"]
[EventCountry "GER"]
[SourceTitle "EXT 2022"]
[Source "ChessBase"]
[SourceDate "2021.10.06"]
[SourceVersion "1"]
[SourceVersionDate "2021.10.06"]
[SourceQuality "1"]
[WhiteTeam "Kriegshaber SK"]
[BlackTeam "Muenchen Tarrasch"]
[WhiteTeamCountry "GER"]
[BlackTeamCountry "GER"]

1. d4 Nf6 2. Nc3 c5 3. Bg5 cxd4 4. Qxd4 Nc6 5. Qh4 d6 6. 0-0-0 Be6 7. e4 Qa5 8. a3 Rc8 9. f4 a6 10. f5 Bd7 11. Nf3 b5 12. Bd2 b4 13. Nd5 Nxd5 14. exd5 Qxd5 15. Bxb4 Qxf5 16. Bd3 Qg4 17. Qxg4 Bxg4 18. Bxa6 Rb8 19. Rhe1 Nxb4 20. axb4 Rxb4 21. Rxd6 Bxf3 22. gxf3 e6 23. Rc6 g6 24. c3 Bh6+ 25. Kc2 Rb8 26. b4 Ke7 27. Re4 Rhd8 28. Rh4 Rd2+ 29. Kb3 Bg5 30. Rc7+ Kd6 31. Rhc4 Rxh2 32. Rxf7 Be3 33. Bc8 e5 34. Rd7+ 1-0

[Event "Landesliga Sued 1718"]
[Site "Bayern"]
[Date "2018.01.21"]
[Round "5.5"]
[White "Schmid, Franz"]
[Black "Bolduan, Sebastian"]
[Result "1-0"]
[WhiteElo "2140"]
[BlackElo "2076"]
[PlyCount "89"]
[EventDate "2017.10.22"]
[EventType "team-tourn"]
[EventRounds "9"]
[EventCountry "GER"]
[SourceTitle "EXT 2022"]
[Source "ChessBase"]
[SourceDate "2021.10.06"]
[SourceVersion "1"]
[SourceVersionDate "2021.10.06"]
[SourceQuality "1"]
[WhiteTeam "Roehrnbach"]
[BlackTeam "Muenchen Tarrasch"]
[WhiteTeamCountry "GER"]
[BlackTeamCountry "GER"]

1. e4 e6 2. d4 d5 3. exd5 exd5 4. Nf3 Bd6 5. c4 Nf6 6. Be2 0-0 7. 0-0 dxc4 8. Bxc4 Nc6 9. h3 h6 10. Nc3 a6 11. a3 Bf5 12. Re1 b5 13. Bf1 Re8 14. Be3 Qd7 15. Qd2 Na5 16. Rad1 Nb3 17. Qe2 Qe7 18. Nd2 Nxd2 19. Qxd2 Qd7 20. Be2 b4 21. axb4 Bxb4 22. Bf3 Be4 23. Qe2 Bd5 24. Ra1 a5 25. Nxd5 Nxd5 26. Rec1 c6 27. Qd3 Rab8 28. Bd1 Rb6 29. Bc2 Nf6 30. d5 Rxe3 31. Qxe3 Nxd5 32. Qd4 Qd6 33. Be4 Rb5 34. Qa7 Bc5 35. Qa8+ Rb8 36. Qxa5 Bxf2+ 37. Kxf2 Qf4+ 38. Bf3 Qd4+ 39. Kf1 Rxb2 40. Qa7 Ne3+ 41. Kg1 Rb6 42. Kh1 Nf5 43. Qc7 g6 44. Ra8+ Kg7 45. Qd8 1-0

[Event "Landesliga Sued 1617"]
[Site "Bayern"]
[Date "2017.04.02"]
[Round "8.7"]
[White "Firlbeck, Hubert"]
[Black "Bolduan, Sebastian"]
[Result "1/2-1/2"]
[WhiteElo "2080"]
[BlackElo "2092"]
[PlyCount "54"]
[EventDate "2016.10.16"]
[EventType "team-tourn"]
[EventRounds "9"]
[EventCountry "GER"]
[SourceTitle "EXT 2019"]
[Source "ChessBase"]
[SourceDate "2018.10.10"]
[SourceVersion "1"]
[SourceVersionDate "2018.10.10"]
[SourceQuality "1"]
[WhiteTeam "Deggendorf"]
[BlackTeam "Muenchen Tarrasch"]
[WhiteTeamCountry "GER"]
[BlackTeamCountry "GER"]

1. d4 Nf6 2. Nf3 c5 3. d5 b5 4. c4 Qa5+ 5. Bd2 b4 6. Qc2 g6 7. e4 d6 8. Bd3 Nbd7 9. 0-0 Bg7 10. h3 0-0 11. Re1 Qb6 12. Bf4 a5 13. Nbd2 Re8 14. e5 dxe5 15. Nxe5 Nxe5 16. Bxe5 e6 17. Ne4 Nxe4 18. Bxg7 Kxg7 19. Bxe4 exd5 20. Bxd5 Bb7 21. Bxb7 Qxb7 22. Qa4 Re4 23. Rxe4 Qxe4 24. Qb5 Qd4 25. Re1 Ra7 26. Qb8 Rd7 27. Qe5+ f6 1/2-1/2

[Event "Landesliga Sued 1617"]
[Site "Bayern"]
[Date "2017.02.19"]
[Round "6.6"]
[White "Bolduan, Sebastian"]
[Black "Walch, Ingo"]
[Result "1/2-1/2"]
[WhiteElo "2092"]
[BlackElo "2026"]
[PlyCount "37"]
[EventDate "2016.10.16"]
[EventType "team-tourn"]
[EventRounds "9"]
[EventCountry "GER"]
[SourceTitle "EXT 2019"]
[Source "ChessBase"]
[SourceDate "2018.10.10"]
[SourceVersion "1"]
[SourceVersionDate "2018.10.10"]
[SourceQuality "1"]
[WhiteTeam "Muenchen Tarrasch"]
[BlackTeam "Rottal"]
[WhiteTeamCountry "GER"]
[BlackTeamCountry "GER"]

1. e4 d6 2. d4 Nf6 3. Nc3 e5 4. Nf3 Nbd7 5. Bc4 Be7 6. 0-0 0-0 7. Re1 c6 8. a4 b6 9. b3 Qc7 10. Ba3 a6 11. Bf1 Re8 12. Qd2 Nf8 13. h3 Ng6 14. g3 h6 15. Rad1 Be6 16. dxe5 dxe5 17. Bd6 Bxd6 18. Qxd6 Qxd6 19. Rxd6 1/2-1/2

[Event "Landesliga Sued 1617"]
[Site "Bayern"]
[Date "2017.01.15"]
[Round "4.6"]
[White "Bolduan, Sebastian"]
[Black "Baeuml, Ulrich"]
[Result "1-0"]
[WhiteElo "2092"]
[BlackElo "2054"]
[PlyCount "63"]
[EventDate "2016.10.16"]
[EventType "team-tourn"]
[EventRounds "9"]
[EventCountry "GER"]
[SourceTitle "EXT 2019"]
[Source "ChessBase"]
[SourceDate "2018.10.10"]
[SourceVersion "1"]
[SourceVersionDate "2018.10.10"]
[SourceQuality "1"]
[WhiteTeam "Muenchen Tarrasch"]
[BlackTeam "Dillingen"]
[WhiteTeamCountry "GER"]
[BlackTeamCountry "GER"]

1. e4 e6 2. d4 d5 3. Nc3 dxe4 4. Nxe4 Nd7 5. Nf3 Ngf6 6. Bd3 c5 7. 0-0 Be7 8. c3 Qc7 9. Bg5 0-0 10. Qe2 Re8 11. dxc5 Nxc5 12. Nxf6+ gxf6 13. Bh6 Nxd3 14. Qxd3 Bd7 15. Nd4 Kh8 16. Rad1 Rg8 17. g3 Rg6 18. Be3 Rag8 19. Nb5 Bxb5 20. Qxb5 Bd6 21. f4 Rg4 22. Kh1 b6 23. Qe2 Bc5 24. Rd3 Bxe3 25. Qxe3 h5 26. f5 Qc6+ 27. Kg1 R8g5 28. fxe6 Kg7 29. exf7 Kxf7 30. Rfd1 h4 31. Rd7+ Kg6 32. Qe8+ 1-0

[Event "Landesliga Sued 1617"]
[Site "Bayern"]
[Date "2016.10.16"]
[Round "1.5"]
[White "Bolduan, Sebastian"]
[Black "Wolf, Armin"]
[Result "1/2-1/2"]
[WhiteElo "2092"]
[BlackElo "2098"]
[PlyCount "56"]
[EventDate "2016.10.16"]
[EventType "team-tourn"]
[EventRounds "9"]
[EventCountry "GER"]
[SourceTitle "EXT 2019"]
[Source "ChessBase"]
[SourceDate "2018.10.10"]
[SourceVersion "1"]
[SourceVersionDate "2018.10.10"]
[SourceQuality "1"]
[WhiteTeam "Muenchen Tarrasch"]
[BlackTeam "Haunstetten"]
[WhiteTeamCountry "GER"]
[BlackTeamCountry "GER"]

1. e4 d5 2. exd5 Nf6 3. d4 Nxd5 4. Nf3 Bg4 5. c4 Nb6 6. c5 N6d7 7. Bc4 e6 8. Qb3 Nc6 9. Bg5 f6 10. Be3 Bxf3 11. gxf3 Na5 12. Qc3 Nxc4 13. Qxc4 Qe7 14. Nc3 c6 15. 0-0-0 Qf7 16. Rhe1 0-0-0 17. Bf4 Re8 18. Ne4 h6 19. Re3 f5 20. Nc3 g5 21. Be5 Nxe5 22. Rxe5 Bg7 23. Re3 Re7 24. Rde1 Rhe8 25. Kc2 Qf6 26. Re5 Qf7 27. R5e3 Qf6 28. Re5 Qf7 1/2-1/2

[Event "Landesliga Nord 1213"]
[Site "Bayern"]
[Date "2013.04.14"]
[Round "9.5"]
[White "Bolduan, Sebastian"]
[Black "Jell, Klaus"]
[Result "1/2-1/2"]
[WhiteElo "2057"]
[BlackElo "2166"]
[PlyCount "43"]
[EventDate "2012.10.14"]
[EventType "team-tourn"]
[EventRounds "9"]
[EventCountry "GER"]
[SourceTitle "EXT 2015"]
[Source "ChessBase"]
[SourceDate "2014.11.20"]
[SourceVersion "1"]
[SourceVersionDate "2014.11.20"]
[SourceQuality "1"]
[WhiteTeam "Nuernberg NT II"]
[BlackTeam "Kareth Lappersdorf"]
[WhiteTeamCountry "GER"]
[BlackTeamCountry "GER"]

1. c4 c5 2. Nc3 Nc6 3. Nf3 e5 4. g3 g6 5. Bg2 Bg7 6. 0-0 Nge7 7. d3 0-0 8. Bd2 d6 9. a3 h6 10. Rb1 a5 11. Ne1 Be6 12. Nd5 Rb8 13. b4 axb4 14. axb4 cxb4 15. Nxb4 Nxb4 16. Rxb4 Nc6 17. Rb5 Qd7 18. Nc2 Na7 19. Rb6 Nc8 20. Rb5 Na7 21. Rb6 Nc8 22. Rb5 1/2-1/2

[Event "Landesliga Nord 1213"]
[Site "Bayern"]
[Date "2013.03.17"]
[Round "8.5"]
[White "Basel, Matthias"]
[Black "Bolduan, Sebastian"]
[Result "1/2-1/2"]
[WhiteElo "2070"]
[BlackElo "2057"]
[PlyCount "34"]
[EventDate "2012.10.14"]
[EventType "team-tourn"]
[EventRounds "9"]
[EventCountry "GER"]
[SourceTitle "EXT 2015"]
[Source "ChessBase"]
[SourceDate "2014.11.20"]
[SourceVersion "1"]
[SourceVersionDate "2014.11.20"]
[SourceQuality "1"]
[WhiteTeam "Kitzingen"]
[BlackTeam "Nuernberg NT II"]
[WhiteTeamCountry "GER"]
[BlackTeamCountry "GER"]

1. d4 Nf6 2. Nf3 g6 3. c4 Bg7 4. Nc3 d6 5. e4 0-0 6. Be2 e5 7. 0-0 Nc6 8. d5 Ne7 9. b4 c6 10. Ne1 a5 11. Qb3 axb4 12. Qxb4 c5 13. Qb3 Qa5 14. Nd3 Bd7 15. Bd2 Rfb8 16. a4 Nc8 17. Rfb1 Ra6 1/2-1/2

[Event "Landesliga Nord 1112"]
[Site "Bayern"]
[Date "2012.03.18"]
[Round "8.2"]
[White "Fischer, Johannes"]
[Black "Bolduan, Sebastian"]
[Result "1/2-1/2"]
[WhiteElo "2234"]
[BlackElo "2043"]
[PlyCount "66"]
[EventDate "2011.10.02"]
[EventType "team-tourn"]
[EventRounds "9"]
[EventCountry "GER"]
[SourceTitle "EXT 2015"]
[Source "ChessBase"]
[SourceDate "2014.11.20"]
[SourceVersion "1"]
[SourceVersionDate "2014.11.20"]
[SourceQuality "1"]
[WhiteTeam "Nuernberg Sued SW"]
[BlackTeam "Nuernberg NT II"]
[WhiteTeamCountry "GER"]
[BlackTeamCountry "GER"]

1. d4 Nf6 2. c4 g6 3. Nc3 Bg7 4. e4 d6 5. Nf3 0-0 6. Be2 e5 7. 0-0 Nc6 8. d5 Ne7 9. Ne1 Nd7 10. Be3 f5 11. f3 f4 12. Bf2 g5 13. Rc1 Ng6 14. Nb5 Nf6 15. Nxa7 Bd7 16. a4 g4 17. Nb5 g3 18. hxg3 fxg3 19. Bxg3 Bh6 20. Rc3 Nh5 21. Bf2 Bf4 22. g4 Ng3 23. Ng2 Qg5 24. Nxf4 exf4 25. Bxg3 fxg3 26. Kg2 Qh4 27. Rh1 Nf4+ 28. Kg1 Nh3+ 29. Kg2 Bxg4 30. Qe1 Nf4+ 31. Kg1 Nh3+ 32. Kg2 Nf4+ 33. Kg1 Nh3+ 1/2-1/2

[Event "Landesliga Nord 1112"]
[Site "Bayern"]
[Date "2011.10.23"]
[Round "2.3"]
[White "Dey, Jan Marten"]
[Black "Bolduan, Sebastian"]
[Result "0-1"]
[WhiteElo "2177"]
[BlackElo "2043"]
[PlyCount "130"]
[EventDate "2011.10.02"]
[EventType "team-tourn"]
[EventRounds "9"]
[EventCountry "GER"]
[SourceTitle "EXT 2013"]
[Source "ChessBase"]
[SourceDate "2012.11.22"]
[SourceVersion "1"]
[SourceVersionDate "2012.11.22"]
[SourceQuality "1"]
[WhiteTeam "Schweinfurt"]
[BlackTeam "Nuernberg NT II"]
[WhiteTeamCountry "GER"]
[BlackTeamCountry "GER"]

1. d4 Nf6 2. Bg5 c6 3. Bxf6 exf6 4. e3 d5 5. Nf3 Bd6 6. g3 0-0 7. Bg2 Re8 8. 0-0 Nd7 9. b3 f5 10. c4 Nf6 11. Nc3 Qa5 12. Qd3 Ne4 13. Rfc1 Ba3 14. b4 Qxb4 15. Rab1 dxc4 16. Qc2 Qa5 17. Nxe4 fxe4 18. Ne5 Bxc1 19. Rxc1 Rxe5 20. dxe5 Qxe5 21. Qxc4 Bf5 22. Rd1 Rc8 23. h3 h5 24. Rd4 c5 25. Rd1 b6 26. a4 Qe6 27. Qc2 Qe7 28. Rd5 g6 29. Qd1 Re8 30. g4 hxg4 31. hxg4 Bc8 32. Bf1 Qe6 33. Be2 Kh7 34. Rd6 Qe7 35. Kg2 Kg7 36. Rd5 Qf6 37. Rd6 Be6 38. f4 exf3+ 39. Bxf3 Qe5 40. Rd2 Rh8 41. Kg1 Qxe3+ 42. Kg2 Qe5 43. Kg1 Bc4 44. Qc1 Ba6 45. Qd1 Re8 46. Kg2 Bc4 47. Qc1 Rh8 48. Qg1 Be6 49. a5 bxa5 50. Rc2 c4 51. Re2 Qd6 52. Qa1+ Kg8 53. Qe5 Qxe5 54. Rxe5 Kg7 55. Rxa5 Rc8 56. Rxa7 Rc5 57. Kf2 Kf6 58. Ke3 c3 59. Ra1 Kg5 60. Kd4 Rc4+ 61. Kd3 c2 62. Rc1 Kf4 63. Be2 Rc7 64. Kd2 Bxg4 65. Bd3 Bf5 0-1

[Event "Nuremberg LGA Cup 8th"]
[Site "Nuremberg"]
[Date "2011.09.11"]
[Round "6"]
[White "Laschenko, Sergej"]
[Black "Bolduan, Sebastian"]
[Result "1/2-1/2"]
[WhiteElo "1881"]
[BlackElo "2072"]
[PlyCount "95"]
[EventDate "2011.09.08"]
[EventType "swiss"]
[EventRounds "7"]
[EventCountry "GER"]
[SourceTitle "CBM 144 Extra"]
[Source "ChessBase"]
[SourceDate "2011.10.28"]
[SourceVersion "1"]
[SourceVersionDate "2011.10.28"]
[SourceQuality "1"]

1. e4 c5 2. Nf3 d6 3. d4 cxd4 4. Nxd4 Nf6 5. Bd3 g6 6. c4 Bg7 7. Nc2 Nc6 8. Nc3 Bd7 9. 0-0 0-0 10. Rb1 Ne5 11. Be2 Qc7 12. Ne3 Bc6 13. f3 Rfd8 14. Kh1 e6 15. Qb3 Ned7 16. Rd1 Nc5 17. Qc2 a5 18. a3 a4 19. Bd2 Rac8 20. Be1 Nb3 21. Bg3 Nh5 22. Bf2 Nf6 23. Qd3 b6 24. Nc2 d5 25. cxd5 exd5 26. e5 Nd7 27. f4 Ndc5 28. Qg3 Ne4 29. Nxe4 dxe4 30. Nb4 Bb7 31. Qe3 Nc5 32. Bb5 Bf8 33. Na2 Rxd1+ 34. Rxd1 Rd8 35. Rc1 Qe7 36. Nc3 Qe6 37. Nxa4 Nd3 38. Bxd3 exd3 39. Qd2 b5 40. Nc3 b4 41. Nb1 bxa3 42. bxa3 Qg4 43. Be3 h5 44. h3 Qf5 45. Rc7 Ba8 46. Qa2 Bd5 47. Qd2 Ba8 48. Qa2 1/2-1/2

[Event "Nuremberg LGA Cup 8th"]
[Site "Nuremberg"]
[Date "2011.09.10"]
[Round "4"]
[White "Werner, Thomas1"]
[Black "Bolduan, Sebastian"]
[Result "1-0"]
[WhiteElo "1930"]
[BlackElo "2072"]
[PlyCount "91"]
[EventDate "2011.09.08"]
[EventType "swiss"]
[EventRounds "7"]
[EventCountry "GER"]
[SourceTitle "CBM 144 Extra"]
[Source "ChessBase"]
[SourceDate "2011.10.28"]
[SourceVersion "1"]
[SourceVersionDate "2011.10.28"]
[SourceQuality "1"]

1. d4 Nf6 2. c4 g6 3. Nc3 Bg7 4. e4 d6 5. Nf3 0-0 6. Be2 e5 7. 0-0 Nc6 8. d5 Ne7 9. b4 c6 10. Re1 a5 11. bxa5 Qxa5 12. Bd2 Qd8 13. dxc6 bxc6 14. Bf1 Ne8 15. c5 Be6 16. Ng5 Nc7 17. cxd6 Qxd6 18. Nxe6 Nxe6 19. Be3 Nd4 20. Qd3 Ra3 21. Bc1 Ra7 22. a4 Rd8 23. Ba3 Qc7 24. Ra2 Qa5 25. Rb1 Nb5 26. Qxd8+ Qxd8 27. axb5 cxb5 28. Nxb5 Rb7 29. Bc4 Nc8 30. Bd5 Rb8 31. Bc5 Nb6 32. Bxb6 Qxb6 33. g3 Bf8 34. Nc3 Qc7 35. Rxb8 Qxb8 36. Kg2 Kg7 37. Nd1 Bc5 38. Rb2 Qd8 39. Rb7 Be7 40. Ne3 f6 41. h4 h5 42. Be6 Qd6 43. Nd5 Kf8 44. Rxe7 f5 45. Rf7+ Ke8 46. Nf6+ 1-0

[Event "Nuremberg LGA Cup 8th"]
[Site "Nuremberg"]
[Date "2011.09.08"]
[Round "1"]
[White "Bolduan, Sebastian"]
[Black "Braun, Arik"]
[Result "0-1"]
[WhiteElo "2072"]
[BlackElo "2557"]
[PlyCount "66"]
[EventDate "2011.09.08"]
[EventType "swiss"]
[EventRounds "7"]
[EventCountry "GER"]
[SourceTitle "CBM 144 Extra"]
[Source "ChessBase"]
[SourceDate "2011.10.28"]
[SourceVersion "1"]
[SourceVersionDate "2011.10.28"]
[SourceQuality "1"]

1. e4 c6 2. Nf3 d5 3. exd5 cxd5 4. Ne5 g6 5. d4 Bg7 6. c3 Nd7 7. f4 Nh6 8. Bd3 0-0 9. 0-0 Nf6 10. Nd2 Nf5 11. Qe2 Nd6 12. g4 Nfe4 13. Nxe4 dxe4 14. Bxe4 Nxe4 15. Qxe4 f6 16. Nf3 Bxg4 17. Qxb7 Be6 18. Qe4 Bd5 19. Qe3 Qd7 20. Qf2 e5 21. Be3 Rae8 22. Rad1 exf4 23. Bxf4 Re4 24. Bg3 Rfe8 25. Rfe1 Bh6 26. Rxe4 Rxe4 27. Re1 Qe6 28. Kg2 Be3 29. Qc2 Rh4 30. Rxe3 Qxe3 31. Qf2 Re4 32. Kg1 Qd3 33. c4 Qxc4 0-1